Normal view
MARC view
Entry Personal Name
001 - CONTROL NUMBER
- control field: 1116170
003 - CONTROL NUMBER IDENTIFIER
- control field: OSt
005 - DATE AND TIME OF LATEST TRANSACTION
- control field: 20260218113327.0
008 - FIXED-LENGTH DATA ELEMENTS
- fixed length control field: 260218|| aca||aabn | a|a d
040 ## - CATALOGING SOURCE
- Original cataloging agency: OSt
- Transcribing agency: OSt
100 ## - HEADING--PERSONAL NAME
- Personal name: मनोज कुमार
670 ## - SOURCE DATA FOUND
- Source citation: Work cat.: (OSt)1679941: मनोज कुमार , गुप्तकालीन ग्रामीण जन - जीवन : एक ऐतिहासिक अध्ययन , 2025
